¡Por la patria! (Record no. 157042)

MARC details
000 -LEADER
campo de control de longitud fija 00793nam a2200181 i 4500
001 - NÚMERO DE CONTROL
campo de control 157042
003 - IDENTIFICADOR DE NÚMERO DE CONTROL
campo de control ES-MaACL
005 - FECHA Y HORA DE LA ÚLTIMA TRANSACCIÓN
campo de control 20230906210552.0
008 - DATOS DE LONGITUD FIJA--INFORMACIÓN GENERAL
campo de control de longitud fija 010122s1893 sp |||| | spa d
100 1# - ENTRADA PRINCIPAL--NOMBRE DE PERSONA
Nombre de persona Lapoulide, Juan Lorenzo (
Fechas asociadas al nombre m. 1906)
9 (RLIN) 163573
245 11 - MENCIÓN DEL TÍTULO
Título ¡Por la patria!
Resto del título : cartas del coronel Santiponce /
Mención de responsabilidad, etc. por Juan Lapoulide.
260 ## - PUBLICACIÓN, DISTRIBUCIÓN, ETC.
Lugar de publicación, distribución, etc. Madrid :
Nombre del editor, distribuidor, etc. [s.n.],
Fecha de publicación, distribución, etc. 1893 (
Fabricante Imp. de "El Correo Militar", a cargo de H. Sevilla)
300 ## - DESCRIPCIÓN FÍSICA
Extensión 130 p. ;
Dimensiones 18 cm.
530 ## - NOTA DISPONIBLE DE FORMULARIO FÍSICO ADICIONAL
Nota de formato físico adicional disponible Disponible en formato digital.
650 04 - PUNTO DE ACCESO ADICIONAL DE MATERIA--TÉRMINO DE MATERIA
Término de materia o nombre geográfico como elemento de entrada Fuerzas armadas-
Subdivisión geográfica España-
Subdivisión cronológica S.XIX.
9 (RLIN) 13003
852 ## - LOCALIZACIÓN
Ubicación ES-MaACL
Número de control de estantería T-709-F-9
Nota libre - Enc. hol., conservando cub. original
-- - Enc. en un vol. facticio
856 ## - LOCALIZACIÓN Y ACCESO ELECTRÓNICOS
Identificador Uniforme de Recursos <a href="https://bvpb.mcu.es/es/consulta/registro.do?id=577735 ">https://bvpb.mcu.es/es/consulta/registro.do?id=577735 </a>
Nota pública Biblioteca Virtual del Patrimonio Bibliográfico
Holdings
Estatus retirado Estado de pérdida Estado de daño No para préstamo Colección Biblioteca de origen Biblioteca actual Ubicación en estantería Fecha de adquisición Total de préstamos Signatura topográfica completa Código de barras Visto por última vez Precio de reemplazo Tipo de ítem Koha
        Colección de folletos Biblioteca del Ateneo de Madrid Biblioteca del Ateneo de Madrid Depósito folletos 17/01/2008   T-709-F-9 1164310 23/02/2023 23/02/2023 Folleto